[Event "Landsturneringen NM i sjakk 2013"]
[Site "Radisson Blu Lillehammer Hotel"]
[Date "2013.06.29"]
[Round "1"]
[White "Amarapala, Sherington"]
[Black "Haldorsen, Benjamin"]
[Result "0-1"]
[WhiteElo "1536"]
[BlackElo "1892"]
[PlyCount "28"]
[EventDate "2013.??.??"]

1. e4 e5 2. Nf3 Nc6 3. d4 exd4 4. Nxd4 Nf6 5. Nc3 Bb4 6. Nxc6 bxc6 7. Bd3 d5 8.
O-O O-O 9. e5 Ng4 10. f4 Bc5+ 11. Kh1 Qh4 12. Bxh7+ Kh8 13. h3 Qg3 14. Qxg4
Bxg4 0-1

[Event "Landsturneringen NM i sjakk 2013"]
[Site "Radisson Blu Lillehammer Hotel"]
[Date "2013.06.29"]
[Round "1"]
[White "Sivaranjan, Aschmirthan"]
[Black "Olsen, Ulrik"]
[Result "0-1"]
[WhiteElo "1470"]
[BlackElo "1644"]
[PlyCount "58"]
[EventDate "2013.??.??"]

1. e4 c5 2. Nf3 Nc6 3. b4 Nxb4 4. c3 Nc6 5. d4 cxd4 6. cxd4 e6 7. Be2 Bb4+ 8.
Bd2 Bxd2+ 9. Qxd2 d5 10. e5 Nge7 11. Nc3 O-O 12. Bd3 Ng6 13. O-O Bd7 14. Nb5
Qe7 15. Bxg6 hxg6 16. Nd6 Rab8 17. Rab1 b6 18. Rfc1 a6 19. Rc3 f6 20. Qe3 fxe5
21. dxe5 Rxf3 22. Qxf3 Nxe5 23. Qe2 Qxd6 24. Qxa6 Nc4 25. Rd3 Qc6 26. a4 Qc7
27. Rc3 Bc6 28. a5 Ra8 29. axb6 Qb8 0-1

[Event "Landsturneringen NM i sjakk 2013"]
[Site "Radisson Blu Lillehammer Hotel"]
[Date "2013.06.29"]
[Round "1"]
[White "Kyrkjebø, Marte B"]
[Black "Bjørn, Lasse E"]
[Result "1-0"]
[WhiteElo "1563"]
[BlackElo "1762"]
[PlyCount "53"]
[EventDate "2013.??.??"]

1. e4 c5 2. Nc3 Nc6 3. Bb5 Nd4 4. Bc4 g6 5. Nf3 Bg7 6. Nxd4 cxd4 7. Qf3 e6 8.
Nb5 d6 9. Qa3 Be5 10. c3 dxc3 11. d4 cxb2 12. Bxb2 Bf4 13. g3 d5 14. gxf4 dxc4
15. Nd6+ Kd7 16. Nxf7 Qh4 17. Qd6+ Ke8 18. Nxh8 Nf6 19. Ba3 Nxe4 20. Qf8+ Kd7
21. Rf1 b5 22. Qg7+ Kc6 23. Qe5 Nc3 24. Qd6+ Kb7 25. Nf7 a5 26. Nd8+ Ka7 27.
Bc5# 1-0

[Event "Landsturneringen NM i sjakk 2013"]
[Site "Radisson Blu Lillehammer Hotel"]
[Date "2013.06.29"]
[Round "1"]
[White "Sætre, Mathias"]
[Black "Skjølås, Erling Dyrhaug"]
[Result "0-1"]
[WhiteElo "1720"]
[BlackElo "1399"]
[PlyCount "74"]
[EventDate "2013.??.??"]

1. e4 e6 2. d4 d5 3. Nc3 Nf6 4. Bg5 Be7 5. e5 Nfd7 6. h4 h6 7. Bxe7 Qxe7 8. f4
O-O 9. Nf3 c5 10. Nb5 a6 11. Nd6 f6 12. c3 fxe5 13. dxe5 Nc6 14. Qd2 Nb6 15.
Bd3 d4 16. cxd4 cxd4 17. Be4 Nd5 18. Bxd5 exd5 19. Nxd4 Nxe5 20. Nxc8 Nd3+ 21.
Kd1 Qe4 22. Nb6 Qxd4 23. Nxa8 Nf2+ 24. Ke1 Re8+ 25. Qe2 Rxe2+ 26. Kxe2 Qxb2+
27. Kf3 Nxh1 28. Rxh1 Qc3+ 29. Kf2 Qc6 30. Re1 b5 31. g4 Qxa8 32. Kg3 d4 33. g5
Qc6 34. Kg4 g6 35. Re2 h5+ 36. Kg3 d3 37. Rf2 d2 0-1

[Event "Landsturneringen NM i sjakk 2013"]
[Site "Radisson Blu Lillehammer Hotel"]
[Date "2013.06.29"]
[Round "2"]
[White "Haldorsen, Benjamin"]
[Black "Kyrkjebø, Marte B"]
[Result "1-0"]
[WhiteElo "1892"]
[BlackElo "1563"]
[PlyCount "85"]
[EventDate "2013.??.??"]

1. e4 e5 2. Nf3 Nc6 3. Bb5 a6 4. Ba4 Nf6 5. d3 b5 6. Bb3 Be7 7. a4 Bb7 8. O-O
d6 9. Ng5 O-O 10. f4 Nd4 11. Ba2 c5 12. c3 Nc6 13. axb5 axb5 14. Na3 h6 15. Nh3
Qb6 16. Be3 Ba6 17. f5 Qc7 18. Nf2 Na5 19. Ng4 c4 20. Nxf6+ Bxf6 21. dxc4 Nxc4
22. Bxc4 bxc4 23. Qg4 Kh7 24. Rf3 Rab8 25. Nc2 Bb7 26. Nb4 Ra8 27. Rd1 Rad8 28.
Rh3 Rh8 29. Rf1 Qe7 30. Bxh6 gxh6 31. Rxh6+ Kxh6 32. Rf3 Bh4 33. Rh3 Rdg8 34.
Rxh4+ Qxh4 35. Qxh4+ Kg7 36. Qg5+ Kh7 37. Qe7 Bxe4 38. Qh4+ Kg7 39. Qxe4 Kf6
40. Nd5+ Kg7 41. f6+ Kh6 42. Qh4+ Kg6 43. Ne7# 1-0

[Event "Landsturneringen NM i sjakk 2013"]
[Site "Radisson Blu Lillehammer Hotel"]
[Date "2013.06.29"]
[Round "2"]
[White "Grønn, Eskil Ekeland"]
[Black "Rødsmoen, Maud"]
[Result "1-0"]
[WhiteElo "1606"]
[BlackElo "1722"]
[PlyCount "49"]
[EventDate "2013.??.??"]

1. d4 d5 2. Nc3 Nf6 3. Bg5 e6 4. e4 dxe4 5. Nxe4 Be7 6. Bxf6 Bxf6 7. Nf3 O-O 8.
Qd2 Nc6 9. O-O-O Qe7 10. g4 Rd8 11. c3 g6 12. g5 Bg7 13. h4 Rb8 14. h5 b5 15.
hxg6 hxg6 16. Qf4 b4 17. Nf6+ Kf8 18. c4 Ba6 19. Rh7 b3 20. a3 Na5 21. Qh4 Qd6
22. c5 Qc6 23. Ne5 Qb7 24. Rxg7 Kxg7 25. Qh6# 1-0

[Event "Landsturneringen NM i sjakk 2013"]
[Site "Radisson Blu Lillehammer Hotel"]
[Date "2013.06.29"]
[Round "2"]
[White "Andås, Kjetil"]
[Black "Amarapala, Sherington"]
[Result "1-0"]
[WhiteElo "1492"]
[BlackElo "1536"]
[PlyCount "71"]
[EventDate "2013.??.??"]

1. e4 e5 2. Nf3 Nc6 3. Bc4 Bc5 4. O-O Nf6 5. d4 Nxd4 6. Nxe5 O-O 7. Nd3 Bb6 8.
e5 Ne4 9. c3 Ne6 10. Bd5 N4c5 11. Nxc5 Bxc5 12. Nd2 c6 13. Bxe6 fxe6 14. Ne4
Be7 15. Be3 b6 16. Nd6 Bxd6 17. Qxd6 c5 18. Rfd1 Rf7 19. Qxe6 Bb7 20. Qg4 Qc7
21. Rd6 Raf8 22. Rad1 Bc6 23. f4 Qb7 24. R1d2 Rf5 25. Qh4 g5 26. Qg4 Kh8 27. g3
gxf4 28. Bxf4 Bf3 29. Qh4 Qe4 30. Kf1 Bg2+ 31. Kg1 Rxf4 32. gxf4 Rxf4 33. Qd8+
Kg7 34. Rxg2+ Rg4 35. Qxd7+ Kf8 36. Rf6+ 1-0

[Event "Landsturneringen NM i sjakk 2013"]
[Site "Radisson Blu Lillehammer Hotel"]
[Date "2013.06.29"]
[Round "2"]
[White "Ellingsen, Ludvig Brannsether"]
[Black "Djurhuus, Eivind X"]
[Result "0-1"]
[WhiteElo "1390"]
[BlackElo "1922"]
[PlyCount "60"]
[EventDate "2013.??.??"]

1. d4 e6 2. c4 f5 3. Nf3 Nf6 4. Nc3 Bb4 5. Bd2 O-O 6. e3 b6 7. Bd3 Bb7 8. O-O
d6 9. Nb1 Bxd2 10. Nbxd2 Nbd7 11. Re1 Ne4 12. Qc2 Ndf6 13. Rec1 Qe8 14. Ne1 Ng4
15. Nxe4 fxe4 16. Bxe4 Bxe4 17. Qxe4 Nxf2 18. Qh4 Qg6 19. Rc2 Ne4 20. Re2 Rf6
21. g3 Raf8 22. Qh3 Ng5 23. Qg2 Qh5 24. Nd3 Nf3+ 25. Kh1 Nxh2 26. Nf4 Rxf4 27.
exf4 Nf3+ 28. Qh2 Nxh2 29. Rxh2 Qf3+ 30. Rg2 Qd3 0-1

[Event "Landsturneringen NM i sjakk 2013"]
[Site "Radisson Blu Lillehammer Hotel"]
[Date "2013.06.29"]
[Round "2"]
[White "Bjørn, Lasse E"]
[Black "Aure, Anders Nilsson"]
[Result "1-0"]
[WhiteElo "1762"]
[BlackElo "1449"]
[PlyCount "63"]
[EventDate "2013.??.??"]

1. e4 c5 2. Nf3 a6 3. c4 Nc6 4. d4 cxd4 5. Nxd4 d6 6. Be3 Nf6 7. f3 Bd7 8. Nc3
g6 9. Qd2 Bg7 10. O-O-O O-O 11. g4 h5 12. Nd5 hxg4 13. Nxf6+ Bxf6 14. h4 Qa5
15. Qxa5 Nxa5 16. b4 Nc6 17. Nxc6 Bxc6 18. Bd3 gxf3 19. h5 Rfc8 20. Rdg1 Be8
21. Rh3 e5 22. Rxf3 Be7 23. Bf1 b5 24. Kb2 bxc4 25. Bh3 Rc7 26. Rh1 Bd7 27. Bf1
Bg4 28. Rg3 Be6 29. hxg6 fxg6 30. Rxg6+ Kf7 31. Rhh6 c3+ 32. Kc1 1-0

[Event "Landsturneringen NM i sjakk 2013"]
[Site "Radisson Blu Lillehammer Hotel"]
[Date "2013.06.29"]
[Round "3"]
[White "Løbersli, Henrik Øie"]
[Black "Grønn, Eskil Ekeland"]
[Result "1-0"]
[WhiteElo "1665"]
[BlackElo "1606"]
[PlyCount "77"]
[EventDate "2013.??.??"]

1. e4 c5 2. Nf3 d6 3. d4 cxd4 4. Nxd4 Nf6 5. Nc3 Nc6 6. Bg5 Bd7 7. Qd2 Nxd4 8.
Qxd4 Qa5 9. Bxf6 gxf6 10. O-O-O Rc8 11. Kb1 Rg8 12. Nd5 f5 13. Bd3 Bg7 14. Qe3
e6 15. Qg5 exd5 16. exf5 Qd8 17. Rhe1+ Kf8 18. Qf4 Qf6 19. Qb4 Bc6 20. g4 Rd8
21. f4 h6 22. c3 Bh8 23. h3 Re8 24. Rg1 Ke7 25. Bb5 Rb8 26. Rge1+ Kd7 27. Rxd5
Kc7 28. Rd2 Bxb5 29. Qxb5 Rbd8 30. Rde2 Rd7 31. Qa5+ Kb8 32. Re8+ Rd8 33. R8e7
Rc8 34. Rd7 Rgd8 35. Rde7 Bg7 36. R1e4 Bf8 37. Rxb7+ Kxb7 38. Rb4+ Kc6 39. Qb5+
1-0

[Event "Landsturneringen NM i sjakk 2013"]
[Site "Radisson Blu Lillehammer Hotel"]
[Date "2013.06.29"]
[Round "3"]
[White "Keadana, Amir"]
[Black "Haldorsen, Benjamin"]
[Result "0-1"]
[WhiteElo "1275"]
[BlackElo "1892"]
[PlyCount "46"]
[EventDate "2013.??.??"]

1. e4 e5 2. Nf3 Nc6 3. Bc4 Bc5 4. c3 Nf6 5. d4 exd4 6. e5 d5 7. Bb5 Ne4 8. cxd4
Bb6 9. h3 O-O 10. O-O Bd7 11. Nc3 Nxc3 12. bxc3 Nxe5 13. Nxe5 Bxb5 14. Re1 f6
15. Bh6 fxe5 16. Bxg7 Kxg7 17. Qh5 Qf6 18. Rxe5 Be8 19. Qg4+ Bg6 20. Rae1 Rf7
21. h4 Qxf2+ 22. Kh1 Raf8 23. h5 Rf4 0-1

[Event "Landsturneringen NM i sjakk 2013"]
[Site "Radisson Blu Lillehammer Hotel"]
[Date "2013.06.29"]
[Round "3"]
[White "Sætre, Mathias"]
[Black "Olsen, Ulrik"]
[Result "0-1"]
[WhiteElo "1720"]
[BlackElo "1644"]
[PlyCount "40"]
[EventDate "2013.??.??"]

1. e4 e5 2. Nf3 Nc6 3. d4 exd4 4. Bc4 Nf6 5. e5 d5 6. Bb5 Ne4 7. Nxd4 Bd7 8.
Bxc6 bxc6 9. O-O Bc5 10. f3 Ng5 11. f4 Ne4 12. Be3 Bb6 13. Nd2 Nxd2 14. Qxd2 c5
15. Nb3 d4 16. Bf2 Bc6 17. f5 Qd5 18. Bh4 c4 19. Nc1 d3+ 20. Kh1 Be3 0-1

[Event "Landsturneringen NM i sjakk 2013"]
[Site "Radisson Blu Lillehammer Hotel"]
[Date "2013.06.29"]
[Round "3"]
[White "Kyrkjebø, Marte B"]
[Black "Andås, Kjetil"]
[Result "1-0"]
[WhiteElo "1563"]
[BlackElo "1492"]
[PlyCount "57"]
[EventDate "2013.??.??"]

1. e4 c6 2. d4 d5 3. e5 c5 4. dxc5 e6 5. Be3 Qc7 6. Qd4 Nc6 7. Bb5 Nge7 8. Nf3
Bd7 9. Bxc6 Nxc6 10. Qc3 Be7 11. O-O O-O 12. Nbd2 f6 13. exf6 Bxf6 14. Qb3 d4
15. Bg5 Na5 16. Qb4 e5 17. Bxf6 gxf6 18. Ne4 Rac8 19. Rfe1 Be6 20. Qd2 Nc4 21.
Qh6 Qg7 22. Qxg7+ Kxg7 23. b3 Na5 24. Nd6 Rxc5 25. Nxd4 exd4 26. Rxe6 Rxc2 27.
Nf5+ Kg6 28. Nxd4 Rd8 29. Nxc2 1-0

[Event "Landsturneringen NM i sjakk 2013"]
[Site "Radisson Blu Lillehammer Hotel"]
[Date "2013.06.29"]
[Round "3"]
[White "Rødsmoen, Maud"]
[Black "Skjølås, Erling Dyrhaug"]
[Result "1-0"]
[WhiteElo "1722"]
[BlackElo "1399"]
[PlyCount "87"]
[EventDate "2013.??.??"]

1. e4 e6 2. d4 d5 3. Nd2 Nf6 4. e5 Nfd7 5. Bd3 c5 6. c3 cxd4 7. cxd4 Nc6 8. Ne2
f6 9. exf6 Nxf6 10. Nf3 Bd6 11. O-O O-O 12. Bf4 Bxf4 13. Nxf4 Qd6 14. Ne2 Ng4
15. Ng3 e5 16. dxe5 Ncxe5 17. Nxe5 Qxe5 18. Qc2 g6 19. h3 Nxf2 20. Rxf2 Qxg3
21. Rxf8+ Kxf8 22. Qc5+ Kg7 23. Qxd5 Qe3+ 24. Kh1 Qe6 25. Qb5 a6 26. Qb4 b5 27.
Re1 Qf6 28. Re7+ Kg8 29. Qe4 Rb8 30. Qd5+ Be6 31. Qxe6+ Qxe6 32. Rxe6 Rd8 33.
Bf1 Rd1 34. Kg1 a5 35. Kf2 Rd2+ 36. Re2 Rxe2+ 37. Bxe2 b4 38. Ke3 Kf7 39. Kd4
Ke6 40. Kc4 Kd6 41. Kb5 g5 42. Kxa5 Kc5 43. Ka4 h6 44. Kb3 1-0

[Event "Landsturneringen NM i sjakk 2013"]
[Site "Radisson Blu Lillehammer Hotel"]
[Date "2013.06.29"]
[Round "3"]
[White "Djurhuus, Eivind X"]
[Black "Bjørn, Lasse E"]
[Result "0-1"]
[WhiteElo "1922"]
[BlackElo "1762"]
[PlyCount "132"]
[EventDate "2013.??.??"]

1. e4 c5 2. Nf3 d6 3. d4 cxd4 4. Nxd4 Nf6 5. Nc3 a6 6. Be3 e5 7. Nb3 Be6 8. Qd2
Be7 9. f4 Ng4 10. O-O-O Nxe3 11. Qxe3 exf4 12. Qf2 Bf6 13. Nd5 Bxd5 14. exd5
O-O 15. Bd3 Nd7 16. Kb1 Be5 17. g3 Qf6 18. c3 h6 19. g4 Rfc8 20. h4 g6 21. Rdg1
Nc5 22. Nxc5 Rxc5 23. g5 hxg5 24. Rxg5 Rxd5 25. Qc2 Kf8 26. Rhg1 Ke7 27. h5
gxh5 28. Rf5 Qe6 29. Bc4 Rc8 30. Bxd5 Qxd5 31. Rxh5 b5 32. Qf5 Qe6 33. Qe4 Qc4
34. Qxc4 Rxc4 35. Kc2 Ke6 36. Rf1 Rc8 37. Rg1 b4 38. Rh3 Kf5 39. Kd2 bxc3+ 40.
bxc3 f6 41. Kc2 Rc4 42. Rd3 Re4 43. Kd2 Ra4 44. Ra1 Ra3 45. Kc2 Kg4 46. Rg1+
Kf5 47. Ra1 Ke6 48. Kb2 Ra4 49. Re1 Kf5 50. Rf1 Ke4 51. Rh3 Rc4 52. Rd1 Rc7 53.
Re1+ Kf5 54. Rg1 Rc4 55. Kc2 Re4 56. Kd3 Ra4 57. Rh5+ Ke6 58. Rg2 Ra3 59. Rc2
Ra5 60. Ke2 Rc5 61. Kd3 Rc7 62. c4 Rg7 63. Rf2 Rg3+ 64. Ke2 Rc3 65. Rh7 Rxc4
66. Ra7 Rc2+ 0-1

[Event "Landsturneringen NM i sjakk 2013"]
[Site "Radisson Blu Lillehammer Hotel"]
[Date "2013.06.29"]
[Round "3"]
[White "Amarapala, Sherington"]
[Black "Kyrkjebø, Hanna B"]
[Result "0-1"]
[WhiteElo "1536"]
[BlackElo "1555"]
[PlyCount "68"]
[EventDate "2013.??.??"]

1. e4 e5 2. Nf3 Nc6 3. d4 exd4 4. Nxd4 Bc5 5. Be3 Qf6 6. c3 Nge7 7. Be2 d5 8.
f3 dxe4 9. fxe4 Qh4+ 10. Bf2 Qxe4 11. O-O O-O 12. Nd2 Qd5 13. Bc4 Qd8 14. Ne4
Bxd4 15. Bxd4 Nxd4 16. cxd4 Bf5 17. Ng5 Bg6 18. Qb3 Qxd4+ 19. Kh1 Qb6 20. Qh3
h6 21. Nxf7 Bxf7 22. Rxf7 Rxf7 23. Rf1 Raf8 24. Qd7 Qc6 25. Bxf7+ Rxf7 26. Qd8+
Kh7 27. Qd3+ Qg6 28. Qe2 Rxf1+ 29. Qxf1 Qf5 30. Qe1 Nd5 31. h3 Nf6 32. Qb4 Qe4
33. Qc3 Nd5 34. Qa3 Ne3 0-1

[Event "Landsturneringen NM i sjakk 2013"]
[Site "Radisson Blu Lillehammer Hotel"]
[Date "2013.06.29"]
[Round "3"]
[White "Ellingsen, Ludvig Brannsether"]
[Black "Sivaranjan, Aschmirthan"]
[Result "0-1"]
[WhiteElo "1390"]
[BlackElo "1470"]
[PlyCount "124"]
[EventDate "2013.??.??"]

1. e4 e5 2. Nf3 Nc6 3. Bc4 Bc5 4. c3 Nf6 5. d4 exd4 6. e5 d5 7. Bb5 Ne4 8. cxd4
Be7 9. Bd2 Bd7 10. Bd3 O-O 11. Nc3 Bf5 12. Bb1 f6 13. a3 fxe5 14. Nxd5 exd4 15.
O-O Bd6 16. Qb3 Nxd2 17. Nxd2 Be6 18. Qd3 Qh4 19. g3 Qh3 20. Ba2 Kh8 21. Qe2
Rae8 22. Qd1 Bg4 23. f3 Be6 24. Ne4 Rf5 25. Nxd6 cxd6 26. Nf4 Rxf4 27. gxf4
Bxa2 28. Rxa2 Qe6 29. b3 Qe3+ 30. Raf2 Qxf4 31. Qd2 Qe3 32. Qc2 d3 33. Qd2 Nd4
34. Qxe3 Rxe3 35. Rb2 Nxf3+ 36. Kf2 Re2+ 37. Rxe2 dxe2 38. Kxe2 Nd4+ 39. Kd3
Ne6 40. Kc4 Kg8 41. Kd5 Nc7+ 42. Kxd6 Nb5+ 43. Ke7 g6 44. a4 Nd4 45. Rb1 Nf3
46. h3 Ng5 47. h4 Nf3 48. h5 gxh5 49. Kd6 a6 50. Kc5 b5 51. a5 h4 52. b4 h3 53.
Kb6 h2 54. Kxa6 Ng1 55. Rc1 h1=Q 56. Rc7 Qa8+ 57. Kxb5 Nf3 58. a6 Nd4+ 59. Kb6
Qb8+ 60. Rb7 Qd6+ 61. Ka5 Nc6+ 62. Ka4 Nxb4 0-1

[Event "Landsturneringen NM i sjakk 2013"]
[Site "Radisson Blu Lillehammer Hotel"]
[Date "2013.06.29"]
[Round "4"]
[White "Haldorsen, Benjamin"]
[Black "Løbersli, Henrik Øie"]
[Result "0-1"]
[WhiteElo "1892"]
[BlackElo "1665"]
[PlyCount "60"]
[EventDate "2013.??.??"]

1. e4 c5 2. Nc3 g6 3. f4 Nc6 4. Nf3 Bg7 5. g3 e6 6. Bg2 Nge7 7. d3 O-O 8. O-O
d6 9. g4 f5 10. gxf5 exf5 11. Be3 Rb8 12. a4 a6 13. d4 fxe4 14. Nxe4 Nf5 15.
Bf2 cxd4 16. Qd3 d5 17. Ng3 Ne3 18. Bxe3 dxe3 19. Qxe3 Bxb2 20. Rad1 Qf6 21.
Qb3 Ne7 22. Ng5 Bd4+ 23. Kh1 Ba7 24. c4 h6 25. Nf3 dxc4 26. Qxc4+ Be6 27. Qb4
Nd5 28. Qd6 Ne3 29. Rde1 Rbd8 30. Ne4 Rxd6 0-1

[Event "Landsturneringen NM i sjakk 2013"]
[Site "Radisson Blu Lillehammer Hotel"]
[Date "2013.06.29"]
[Round "4"]
[White "Grønn, Eskil Ekeland"]
[Black "Kyrkjebø, Marte B"]
[Result "1/2-1/2"]
[WhiteElo "1606"]
[BlackElo "1563"]
[PlyCount "137"]
[EventDate "2013.??.??"]

1. d4 d5 2. Nc3 Bf5 3. f3 Nf6 4. Bg5 Nc6 5. Bxf6 exf6 6. e4 dxe4 7. fxe4 Qe7 8.
Qd3 O-O-O 9. Nge2 Bg6 10. O-O-O Qd7 11. g3 Kb8 12. h4 h6 13. Bh3 Qe8 14. Bg2
Bc5 15. Qc4 Bb6 16. Qa4 Qd7 17. d5 Ne5 18. Qb3 Ng4 19. Bh3 f5 20. Bxg4 fxg4 21.
Nd4 Rhe8 22. Rhe1 Qd6 23. Ncb5 Qe5 24. a4 a6 25. a5 Bxd4 26. Nxd4 Ka8 27. Re3
Rxd5 28. Qb4 Bxe4 29. Rb3 Rc5 30. Re1 Qd5 31. c3 Re5 32. Rd1 Rxa5 33. Nc2 Qc5
34. Qd4 Qxd4 35. cxd4 Bxc2 36. Kxc2 Red5 37. Re3 Rd7 38. Re4 h5 39. Rf1 Rad5
40. Kc3 R5d6 41. Ref4 c5 42. Rxf7 cxd4+ 43. Kd3 Rxf7 44. Rxf7 g6 45. Rf4 Rb6
46. Kxd4 Rxb2 47. Rf6 Rg2 48. Rxg6 Rxg3 49. Rg5 Rh3 50. Rxh5 g3 51. Ke3 b5 52.
Kf3 Rh1 53. Kxg3 Rf1 54. Re5 Kb7 55. h5 Rh1 56. Kg2 Rh4 57. Kg3 Rd4 58. h6 Rd1
59. Kg2 Rd7 60. Kf2 b4 61. Rh5 Rh7 62. Ke2 Kb6 63. Kd2 a5 64. Kc2 a4 65. Kb2
Ka6 66. Ka2 Kb6 67. Kb2 Kc6 68. Ka2 Kb6 69. Kb2 1/2-1/2

[Event "Landsturneringen NM i sjakk 2013"]
[Site "Radisson Blu Lillehammer Hotel"]
[Date "2013.06.29"]
[Round "4"]
[White "Olsen, Ulrik"]
[Black "Keadana, Amir"]
[Result "1-0"]
[WhiteElo "1644"]
[BlackElo "1275"]
[PlyCount "25"]
[EventDate "2013.??.??"]

1. e4 e6 2. d4 d5 3. Nd2 dxe4 4. Nxe4 Nf6 5. Bd3 c5 6. Nxc5 Bxc5 7. dxc5 Qa5+
8. Bd2 Qxc5 9. Nf3 O-O 10. O-O b6 11. Bc3 Nbd7 12. Bd4 Qd6 13. Bxf6 1-0

[Event "Landsturneringen NM i sjakk 2013"]
[Site "Radisson Blu Lillehammer Hotel"]
[Date "2013.06.29"]
[Round "4"]
[White "Andås, Kjetil"]
[Black "Sivaranjan, Aschmirthan"]
[Result "1-0"]
[WhiteElo "1492"]
[BlackElo "1470"]
[PlyCount "57"]
[EventDate "2013.??.??"]

1. e4 e5 2. Nf3 Nc6 3. Bc4 Bc5 4. O-O Nf6 5. d4 Nxd4 6. Nxe5 O-O 7. Be3 Ne6 8.
Bxe6 Bxe3 9. Bxf7+ Kh8 10. Bb3 Bb6 11. Nf7+ Rxf7 12. Bxf7 Nxe4 13. Qf3 Nf6 14.
Nc3 d6 15. Rfe1 Bg4 16. Qxb7 Rb8 17. Qc6 Bd7 18. Qc4 Ng4 19. Nd1 Qf6 20. Bh5
Nxf2 21. Ne3 Qg5 22. Kxf2 Bxe3+ 23. Rxe3 Qxh5 24. Kg1 c6 25. Qd4 Qc5 26. Qxc5
dxc5 27. Rae1 Kg8 28. b3 Bf5 29. Rc3 1-0

[Event "Landsturneringen NM i sjakk 2013"]
[Site "Radisson Blu Lillehammer Hotel"]
[Date "2013.06.29"]
[Round "4"]
[White "Bjørn, Lasse E"]
[Black "Rødsmoen, Maud"]
[Result "1/2-1/2"]
[WhiteElo "1762"]
[BlackElo "1722"]
[PlyCount "101"]
[EventDate "2013.??.??"]

1. e4 c5 2. Nf3 e6 3. d4 cxd4 4. Nxd4 Nc6 5. Be3 Qc7 6. Be2 Nf6 7. f3 a6 8. Qd2
d5 9. Nc3 dxe4 10. Nxe4 Nxe4 11. fxe4 Be7 12. O-O O-O 13. Rad1 Nxd4 14. Bxd4 e5
15. Qc3 Bd6 16. Qxc7 Bxc7 17. Bc5 Rd8 18. Bc4 Be6 19. Bxe6 fxe6 20. Kf2 Rac8
21. c3 Ba5 22. Rxd8+ Rxd8 23. Ke2 h6 24. Rf3 Bc7 25. Be7 Rd7 26. Ba3 h5 27.
Rf8+ Kh7 28. Re8 Bd6 29. Rxe6 Bxa3 30. bxa3 Rc7 31. Kd3 Rc5 32. Rb6 Rc7 33. c4
Rd7+ 34. Kc3 Rd4 35. Rxb7 Rxe4 36. c5 Re1 37. Rb2 Rd1 38. Rd2 Rf1 39. c6 Rf6
40. Kd3 Rxc6 41. Ke4 Rc5 42. h3 Ra5 43. Rd3 Kg6 44. Rf3 Kh6 45. g3 Kg5 46. h4+
Kg6 47. Rb3 Kf6 48. Rb6+ Kf7 49. Rb7+ Kf6 50. Rb6+ Kf7 51. Rb7+ 1/2-1/2

[Event "Landsturneringen NM i sjakk 2013"]
[Site "Radisson Blu Lillehammer Hotel"]
[Date "2013.06.29"]
[Round "4"]
[White "Kyrkjebø, Hanna B"]
[Black "Djurhuus, Eivind X"]
[Result "1/2-1/2"]
[WhiteElo "1555"]
[BlackElo "1922"]
[PlyCount "77"]
[EventDate "2013.??.??"]

1. e4 e6 2. d3 d5 3. Nd2 Nc6 4. Ngf3 e5 5. g3 Nf6 6. Bg2 Bc5 7. O-O O-O 8. exd5
Nxd5 9. Nc4 f6 10. Re1 Bg4 11. Ne3 Be6 12. Nxd5 Bxd5 13. c3 Bb6 14. Be3 Bf7 15.
Qc2 Qc8 16. Rad1 Rd8 17. Bxb6 axb6 18. b3 Bg6 19. Nh4 Bh5 20. Rd2 Rd6 21. Be4
Bg4 22. d4 g6 23. dxe5 Rxd2 24. Qxd2 Nxe5 25. Re3 c6 26. Nf3 Nxf3+ 27. Bxf3
Bxf3 28. Rxf3 Qe6 29. Re3 Qf7 30. Qe2 Kf8 31. Kf1 Rd8 32. Rd3 Re8 33. Re3 Rxe3
34. Qxe3 Qd5 35. Qxb6 Qd1+ 36. Kg2 Qd5+ 37. Kf1 Qd1+ 38. Kg2 Qd5+ 39. Kf1
1/2-1/2

[Event "Landsturneringen NM i sjakk 2013"]
[Site "Radisson Blu Lillehammer Hotel"]
[Date "2013.06.29"]
[Round "4"]
[White "Skjølås, Erling Dyrhaug"]
[Black "Aure, Anders Nilsson"]
[Result "1-0"]
[WhiteElo "1399"]
[BlackElo "1449"]
[PlyCount "67"]
[EventDate "2013.??.??"]

1. e4 c5 2. Nf3 a6 3. d4 cxd4 4. Nxd4 Nf6 5. Nc3 e5 6. Nf3 Nc6 7. Bc4 Bc5 8.
O-O O-O 9. Bg5 Re8 10. Nd5 Be7 11. Nxf6+ Bxf6 12. Qd5 Rf8 13. Be3 Nb4 14. Qd2
Nc6 15. Rad1 Be7 16. Bd5 Qc7 17. Bg5 Bxg5 18. Qxg5 d6 19. h4 h6 20. Qg3 Rd8 21.
h5 Qe7 22. Nh2 Nd4 23. Rd2 Be6 24. Bxe6 Qxe6 25. c3 Nc6 26. Rfd1 Rd7 27. f4
Rad8 28. f5 Qf6 29. Ng4 Qg5 30. f6 Kf8 31. fxg7+ Qxg7 32. Qf3 Ke7 33. Ne3 Qf6
34. Nd5+ 1-0

[Event "Landsturneringen NM i sjakk 2013"]
[Site "Radisson Blu Lillehammer Hotel"]
[Date "2013.06.29"]
[Round "4"]
[White "Sætre, Mathias"]
[Black "Ellingsen, Ludvig Brannsether"]
[Result "0-1"]
[WhiteElo "1720"]
[BlackElo "1390"]
[PlyCount "130"]
[EventDate "2013.??.??"]

1. e4 e5 2. Nf3 Nc6 3. Bb5 a6 4. Ba4 Nf6 5. O-O b5 6. Bb3 Bc5 7. d3 O-O 8. Bg5
Be7 9. c3 Bb7 10. Re1 d6 11. Nbd2 Nd7 12. Be3 Na5 13. Bc2 c5 14. d4 Qc7 15. h3
Nb6 16. b3 Rac8 17. Rc1 Bc6 18. Nf1 Bd7 19. Ng3 Nb7 20. Nf5 Bf6 21. Re2 g6 22.
Nh6+ Kh8 23. Rd2 Be6 24. Ng5 Bxg5 25. Bxg5 f6 26. Be3 exd4 27. cxd4 c4 28. d5
Bd7 29. Ng4 c3 30. Rd3 b4 31. Bd4 Bxg4 32. hxg4 Nd7 33. f4 Kg8 34. Rh3 Rf7 35.
Kf2 Nbc5 36. Qh1 Nf8 37. Qh2 Re8 38. Kf3 Qe7 39. Re1 Qc7 40. Rh1 Ree7 41. Rh6
Ncd7 42. g3 Rg7 43. Qh4 g5 44. fxg5 Ng6 45. Qh5 Nge5+ 46. Ke3 Rxg5 47. Qh3
Nxg4+ 48. Ke2 Nxh6 49. Qxh6 Rg6 50. Qf4 Ne5 51. Rh6 Reg7 52. Rxg6 Rxg6 53. Bxe5
fxe5 54. Qf3 Qg7 55. Qf5 Qf7 56. Qxf7+ Kxf7 57. Kf3 Kf6 58. Bd3 Kg5 59. Bc2 Rg7
60. Bd3 h5 61. Bc2 h4 62. gxh4+ Kxh4 63. Kf2 Kh3 64. Ke3 Rg2 65. Kd3 Rd2+ 0-1

[Event "Landsturneringen NM i sjakk 2013"]
[Site "Radisson Blu Lillehammer Hotel"]
[Date "2013.06.29"]
[Round "5"]
[White "Løbersli, Henrik Øie"]
[Black "Andås, Kjetil"]
[Result "1/2-1/2"]
[WhiteElo "1665"]
[BlackElo "1492"]
[PlyCount "47"]
[EventDate "2013.??.??"]

1. e4 e5 2. Nf3 Nc6 3. Bb5 a6 4. Ba4 Nf6 5. O-O Be7 6. Re1 b5 7. Bb3 O-O 8. h3
d6 9. c3 Nb8 10. d4 Nbd7 11. Nbd2 Bb7 12. Bc2 Re8 13. Nf1 Bf8 14. Ng3 g6 15. a4
Bg7 16. b3 c5 17. d5 Qc7 18. Be3 Nb6 19. Qd2 bxa4 20. bxa4 Nc4 21. Qe2 Nxe3 22.
Qxe3 a5 23. c4 Ba6 24. Bd3
1/2-1/2

[Event "Landsturneringen NM i sjakk 2013"]
[Site "Radisson Blu Lillehammer Hotel"]
[Date "2013.06.29"]
[Round "5"]
[White "Olsen, Ulrik"]
[Black "Haldorsen, Benjamin"]
[Result "1/2-1/2"]
[WhiteElo "1644"]
[BlackElo "1892"]
[PlyCount "42"]
[EventDate "2013.??.??"]

1. e4 e5 2. Nf3 Nc6 3. Bb5 a6 4. Ba4 Nf6 5. O-O Nxe4 6. Re1 Nc5 7. Nc3 Be7 8.
Nxe5 O-O 9. Bxc6 dxc6 10. d4 Ne6 11. Be3 f6 12. Nf3 Re8 13. Qd2 Nf8 14. h3 Be6
15. Rad1 Qd7 16. d5 cxd5 17. Nxd5 Rad8 18. Nxe7+ Qxe7 19. Qa5 Ng6 20. a3 Rxd1
21. Rxd1 Rd8 1/2-1/2

[Event "Landsturneringen NM i sjakk 2013"]
[Site "Radisson Blu Lillehammer Hotel"]
[Date "2013.06.29"]
[Round "5"]
[White "Rødsmoen, Maud"]
[Black "Kyrkjebø, Marte B"]
[Result "1/2-1/2"]
[WhiteElo "1722"]
[BlackElo "1563"]
[PlyCount "117"]
[EventDate "2013.??.??"]

1. e4 e5 2. Nf3 Nc6 3. Bb5 a6 4. Ba4 Nf6 5. O-O b5 6. Bb3 Be7 7. Re1 d6 8. h3
O-O 9. c3 Nb8 10. d4 Nbd7 11. Nbd2 Bb7 12. Bc2 Re8 13. Nf1 Bf8 14. Ng3 g6 15.
Bg5 Bg7 16. Qd2 Qe7 17. Qe2 h6 18. Bd2 c5 19. d5 c4 20. Be3 Rec8 21. Qd2 Kh7
22. Nh2 Nc5 23. f3 a5 24. Ng4 Qf8 25. Kf2 h5 26. Nh2 Bh6 27. Nhf1 Bxe3+ 28.
Nxe3 Ba6 29. Ne2 Rab8 30. b3 cxb3 31. axb3 a4 32. b4 Ncd7 33. g4 Nb6 34. Bd3
Qe7 35. Kg3 Rc7 36. Rf1 Re8 37. Rfc1 Rec8 38. Ra3 Qd7 39. Kg2 Qe8 40. Ng3 Qf8
41. gxh5 Nxh5 42. Nxh5 gxh5 43. Nf5 f6 44. Kh2 Nc4 45. Bxc4 Rxc4 46. Qf2 R4c7
47. Qh4 Kh8 48. Qxh5+ Rh7 49. Qg6 Rcc7 50. Rg1 Bc8 51. Ra2 Bxf5 52. Qxf5 Rcg7
53. Rag2 Rxg2+ 54. Rxg2 Rg7 55. Qh5+ Kg8 56. Rxg7+ Kxg7 57. Qg4+ Kh8 58. Qh5+
Kg7 59. Qg4+ 1/2-1/2